000 00571nam a2200241Ia 4500
005 20250425161007.0
008 250425s9999 xx 000 0 und d
020 _a0827302107
041 _aeng
082 _a621.952
100 _aKRAR, STEPHEN F.
245 0 _aDRILLING TECHNOLOGY
250 _a1ST ED.
260 _aALBANY
260 _aEstados Unidos
_bDELMAR PUBLISHERS INC.
_c1977
300 _a160
650 _aESCARIADORES
650 _aMAQUINAS HERRAMIENTAS
650 _aTALADRADO
650 _aTALADRADORAS
942 _c01
010 _a10194
999 _c200316
_d200316